000 00242nam a2200097Ia 4500
005 20250424112859.0
008 250424s9999 xx 000 0 und d
300 _av. : ill. ; 30 cm.
650 _aChemical engineering--Periodicals.
942 _cSR
999 _c37675
_d37675